000 00419nam a2200169Ia 4500
008 110201s9999 xx 000 0 und d
082 _bB7317
_aBAL 1965
100 _aEnid blyton
245 _asecret seven on the trail
260 _bknight book
365 _b0
600 _aEnid blyton
630 _asecret seven on the trail
700 _aEnid blyton
730 _asecret seven on the trail
942 _cBOOK
999 _c832850
_d832847